Religión 2 : (Registro nro. 9585)

Detalles MARC
000 -LIDER
fixed length control field 01555nam a2200397 a 4500
001 - NÚMERO DE CONTROL
Identificador de número de control 00003825
003 - IDENTIFICACDOR DE NÚMERO DE CONTROL
control field DO-SdBNP
005 - DATE AND TIME OF LATEST TRANSACTION
control field 20180312084728.0
007 - CAMPOS FIJOS DE DESCRIPCIÓN FÍSICA
fixed length control field 00003825
008 - ELEMENTOS DE LONGITUD FIJA
fixed length control field 091118s2001 dr ac 000 0 spa d
020 ## - ISBN
International Standard Book Number 848261407X
040 ## - FUENTE DE CATALOGACIÓN
Agencia que crea de manera original el registro BPMSU
Idioma de catalogación spa
Agencia que realiza la transcripción BPMSU
092 ## - LOCALLY ASSIGNED DEWEY DECIMAL CALL NUMBER
Número de clasificación 373.84
Número de ítem (Cutter) R696r 2do. 2001
100 1# - ASIENTO PRINCIPAL -- NOMBRE PERSONAL
Nombre personal Rodríguez, Federico
245 10 - MENCIÓN DE TITULO
Título Religión 2 :
Subtítulo formación integral, humana y religiosa /
Mención de responsabilidad Federico Rodríguez ; dirección editorial Obdulia García de Escobar ; ilustración Ruddy Núñez.
260 ## - PUBLICACIÓN, DISTRIBUCIÓN, ETC. (PIE DE IMPRENTA)
Lugar de publicación, distribución, etc Santo Domingo :
Nombre del editor, distribuidor, etc. Santillana,
Fecha de publicación, distribución, etc 2001
300 ## - DESCRIPCIÓN FÍSICA
Extensión 103 p. :
Otros detalles físicos il., mapas, retrs. ;
Dimensiones 28 cm.
490 1# - MENCIÓN DE SERIES
Mención de serie Umbral
500 ## - NOTA GENERAL
Nota general Este libro ha sido realizado de conformidad con el currículum vigente y ha sido sometido a la aprobación de la SEEBAC<br/>
500 ## - NOTA GENERAL
Nota general Jesús de Nazaret<br/>El nuevo Israel: La iglesia.
500 ## - NOTA GENERAL
Nota general Segundo de bachillerato - 2do. curso/Primer Ciclo
505 ## - NOTA DE CONTENIDO
Título La historia de Israel --
-- La Sagrada escritura.
650 #4 - ENCABEZAMIENTO DE MATERIA--TEMÁTICO
Término temático o nombre geográfico como elemento de entrada RELIGIÓN
Subdivisión temática general ENSEÑANZA SECUNDARIA
650 #4 - ENCABEZAMIENTO DE MATERIA--TEMÁTICO
Término temático o nombre geográfico como elemento de entrada RELIGIÓN
Subdivisión temática general LIBROS DE TEXTOS
650 #4 - ENCABEZAMIENTO DE MATERIA--TEMÁTICO
Término temático o nombre geográfico como elemento de entrada RELIGIÓN
Subdivisión temática general ESTUDIOS Y EJERCICIOS
650 #4 - ENCABEZAMIENTO DE MATERIA--TEMÁTICO
Término temático o nombre geográfico como elemento de entrada RELIGIÓN
Subdivisión temática general EDUCACIÓN SECUNDARIA
650 #4 - ENCABEZAMIENTO DE MATERIA--TEMÁTICO
Término temático o nombre geográfico como elemento de entrada EDUCACIÓN SECUNDARIA
Fuente del encabezamiento o término REPÚBLICA DOMINICANA
700 12 - ASIENTO SECUNDARIO -- NOMBRE PERSONAL
Nombre personal García de Escobar, Obdulia,
Mención de responsabilidad ed.
700 12 - ASIENTO SECUNDARIO -- NOMBRE PERSONAL
Nombre personal Núñez, Ruddy,
Mención de responsabilidad il.
830 #0 - ASIENTO SECUNDARIO DE SERIE--TÍTULO UNIFORME
Título uniforme Umbral
910 ## - VALIDACIÓN
Validación Validado.Control de calidad MFF
942 ## - ADDED ENTRY ELEMENTS (KOHA)
Source of classification or shelving scheme Dewey Decimal Classification
Koha item type Libros
945 ## - INFORMACIÓN DE PROCESAMIENTO LOCAL
Información de procesamiento local Inventariado, 2018 /LP
956 ## - LOCAL ELECTRONIC LOCATION AND ACCESS (OCLC)
Nombre de host VMATEO
Número de acceso 10
Información de compresión 20150721
Inicio de sesión BPMSU
Procesador de solicitud 00151
956 ## - LOCAL ELECTRONIC LOCATION AND ACCESS (OCLC)
Nombre de host LOPEREZ
Número de acceso 10
Información de compresión 20160406
Inicio de sesión 0041
Existencias
Withdrawn status Lost status Source of classification or shelving scheme Damaged status Not for loan Collection code Home library Current library Date acquired Source of acquisition Total Checkouts Full call number Barcode Date last seen Price effective from Koha item type Copy number
    Dewey Decimal Classification     Colección Escolar Biblioteca Pública Metropolitana Salomé Ureña Biblioteca Pública Metropolitana Salomé Ureña 04/06/2016 Donación   373.84 R696r 2do. 2001 v.1 BPMSU16040153 04/06/2016 04/06/2016 Libros  
    Dewey Decimal Classification     Colección Escolar Biblioteca Pública Metropolitana Salomé Ureña Biblioteca Pública Metropolitana Salomé Ureña 04/06/2016 Donación   373.84 R696r 2do. 2001 v.1 BPMSU16040157 04/06/2016 04/06/2016 Libros ej. 2
    Dewey Decimal Classification     Colección Escolar Biblioteca Pública Metropolitana Salomé Ureña Biblioteca Pública Metropolitana Salomé Ureña 04/06/2016 Donación   373.84 R696r 2do. 2001 v.1 BPMSU16040158 04/06/2016 04/06/2016 Libros ej. 3